Global ocean markets (Record no. 69517)
[ view plain ]
| 000 -LEADER | |
|---|---|
| fixed length control field | 00896cam a2200253 4500 |
| 001 - CONTROL NUMBER | |
| control field | ABS65063 |
| 008 - FIXED-LENGTH DATA ELEMENTS--GENERAL INFORMATION | |
| fixed length control field | 020213n2002 000 0 eng u |
| 035 ## - SYSTEM CONTROL NUMBER | |
| System control number | (Sirsi) u116712 |
| 100 ## - MAIN ENTRY--PERSONAL NAME | |
| Personal name | Westwood, J. |
| 245 ## - TITLE STATEMENT | |
| Title | Global ocean markets |
| 260 ## - PUBLICATION, DISTRIBUTION, ETC. | |
| Date of publication, distribution, etc. | 2002 |
| 490 ## - SERIES STATEMENT | |
| Series statement | Hydrographic Journal |
| Volume/sequential designation | (103) January 2002, 11-17(7) |
| 520 ## - SUMMARY, ETC. | |
| Summary, etc. | This article examines the scope of global ocean markets and the potential for growth over the next five years. A range of the world's ocean industries are analysed and key influencing factors are discussed. Potential sectors and geographical areas for growth are identified. |
| 590 ## - LOCAL NOTE (RLIN) | |
| Local note | ABS |
| 650 ## - SUBJECT ADDED ENTRY--TOPICAL TERM | |
| Topical term or geographic name entry element | MARINE INDUSTRIES |
| 650 ## - SUBJECT ADDED ENTRY--TOPICAL TERM | |
| Topical term or geographic name entry element | GLOBAL MARKET |
| 650 ## - SUBJECT ADDED ENTRY--TOPICAL TERM | |
| Topical term or geographic name entry element | OFFSHORE OIL INDUSTRY |
| 650 ## - SUBJECT ADDED ENTRY--TOPICAL TERM | |
| Topical term or geographic name entry element | GAS INDUSTRY |
| 650 ## - SUBJECT ADDED ENTRY--TOPICAL TERM | |
| Topical term or geographic name entry element | GROWTH |
| 690 ## - LOCAL SUBJECT ADDED ENTRY--TOPICAL TERM (OCLC, RLIN) | |
| Topical term or geographic name as entry element | MARINE RESOURCE MANAGEMENT |
| 700 ## - ADDED ENTRY--PERSONAL NAME | |
| Personal name | Parsons, B. |
| 700 ## - ADDED ENTRY--PERSONAL NAME | |
| Personal name | Rowley, W. |
| 942 ## - ADDED ENTRY ELEMENTS (KOHA) | |
| Suppress in OPAC | 0 |
| Withdrawn status | Lost status | Source of classification or shelving scheme | Damaged status | Not for loan | Home library | Current library | Shelving location | Date acquired | Total Checkouts | Full call number | Barcode | Date last seen | Copy number | Price effective from | Koha item type |
|---|---|---|---|---|---|---|---|---|---|---|---|---|---|---|---|
| Dewey Decimal Classification | London | London | Journal article | 13/02/2002 | ABS65063 | 116712-1001 | 06/08/2019 | 1 | 06/08/2019 | Journal article |